000 00659nam a2200181Ia 4500
003 GCL
005 20240530104357.0
008 140319s9999 xx 000 0 ara d
040 _aGCL /
_cGCL
082 0 4 _a943
_bم ا
100 1 _aمعهد برتاسمان للموسوعات
245 1 0 _aحقائق عن المانيا:
_bجمهورية المانيا الاتحادية /
_cمعهد برتاسمان للموسوعات
300 _a381 ص؛
_c19 سم
650 0 4 _aالجغرافيا الطبيعية
_xالمانيا
650 0 4 _aالمانيا - تاريخ - العصرالحديث
650 0 4 _aالمجتمع الالمانى
942 _2ddc
_cBK
999 _c47028
_d47028